000 00733nam a22001577a 4500
003 OSt
005 20151206112031.0
008 151206b xxu||||| |||| 00| 0 eng d
040 _cRUA
082 _aATM ខៀវ 1990 B188 Or.1
100 _94398
_aខៀវ កូឡុុម
245 _aការប្រៀប​ធៀបសន្ទស្សអាជីវកម្មរថយន្ត ក្នុងលក្ខខ័ណ្ឌនៃរដ្ឋកម្ពុជា និង គំរោង ធ្វើឧបករណ៍សំរាប់ដោះសាវ៉ូហ្វ្រាំង រថយន្តកាម៉ាស់
260 _aPhnom Penh
_bRUA
_c1990
300 _a128p.
_bill.
_c29cm.
942 _2ddc
_cATM
999 _c4100
_d4100